000 00899nam a2200265 i 4500
001 bg
100 1 _aKania, Ludwik.
245 1 0 _aPodstawy programu AutoCAD - modelowanie 3D /
_cLudwik Kania ; Politechnika Częstochowska.
260 _aCzęstochowa :
_bWydawnictwo Politechniki Częstochowskiej,
_c2007.
300 _a153 s. :
_bil. ;
_c24 cm.
500 _aPubl. jest drugą częścią książki: "Wstęp do programu AutoCAD - modelowanie 2D".
504 _aBibliogr. s. 153.
521 8 _aDla studentów przedmiotu komputerowe wspomaganie projektanta i przedmiotów pokrewnych.
650 9 _aAutoCAD
655 _aPodręczniki akademickie
015 _aPB 7107/2008
020 _a9788371933530
040 _cBPK
041 _apol
044 _aPOL
080 _a004.42:004.92](075.8)
920 _a978-83-7193-353-0
942 _cKS
008 080321s2007 pl a f f |000 0 pol
999 _c55537
_d55537
856 _uhttp://koha.tu.koszalin.pl/cgi-bin/koha/opac-detail.pl?biblionumber=55537
_yKatalog online BPK